Handbook of research in enterprise systems / (Record no. 207869)
[ view plain ]
| 000 -LEADER | |
|---|---|
| fixed length control field | 00931nam a2200253Ia 4500 |
| 003 - CONTROL NUMBER IDENTIFIER | |
| control field | OSt |
| 005 - DATE AND TIME OF LATEST TRANSACTION | |
| control field | 20241128122340.0 |
| 008 - FIXED-LENGTH DATA ELEMENTS--GENERAL INFORMATION | |
| fixed length control field | 210716s2011 xx 000 0 und d |
| 020 ## - INTERNATIONAL STANDARD BOOK NUMBER | |
| International Standard Book Number | 9788132105091 |
| 040 ## - CATALOGING SOURCE | |
| Transcribing agency | AIMIT LIBRARY |
| 041 ## - LANGUAGE CODE | |
| Language code of text/sound track or separate title | eng |
| 082 ## - DEWEY DECIMAL CLASSIFICATION NUMBER | |
| Classification number | 001.0726584 |
| Edition number | 1 |
| Item number | KUMS |
| 245 ## - TITLE STATEMENT | |
| Title | Handbook of research in enterprise systems / |
| Statement of responsibility, etc. | Edited by Sanjay Kumar, Jose Esteves and Elliot Bendoly. |
| 250 ## - EDITION STATEMENT | |
| Edition statement | 1st ed. |
| 260 ## - PUBLICATION, DISTRIBUTION, ETC. | |
| Place of publication, distribution, etc. | New Delhi : |
| Name of publisher, distributor, etc. | Sage Publications , |
| Date of publication, distribution, etc. | 2011. |
| 300 ## - PHYSICAL DESCRIPTION | |
| Extent | 322p. ; |
| Other physical details | HB |
| Dimensions | 25.8 cm |
| 650 ## - SUBJECT ADDED ENTRY--TOPICAL TERM | |
| Topical term or geographic name entry element | Enterprise systems- evolving landscape and technological trends |
| 9 (RLIN) | 187043 |
| 650 ## - SUBJECT ADDED ENTRY--TOPICAL TERM | |
| Topical term or geographic name entry element | Enterprise systems- implementation and management |
| 9 (RLIN) | 187044 |
| 650 ## - SUBJECT ADDED ENTRY--TOPICAL TERM | |
| Topical term or geographic name entry element | Enterprise system- case studies and field applications |
| 9 (RLIN) | 187045 |
| 700 ## - ADDED ENTRY--PERSONAL NAME | |
| Personal name | Kumar, Sanjay., ed. |
| 9 (RLIN) | 187046 |
| 700 ## - ADDED ENTRY--PERSONAL NAME | |
| Personal name | Esteves, Jose., ed. |
| 9 (RLIN) | 187047 |
| 700 ## - ADDED ENTRY--PERSONAL NAME | |
| Personal name | Bendoly, Elliot., ed. |
| 9 (RLIN) | 187048 |
| 942 ## - ADDED ENTRY ELEMENTS (KOHA) | |
| Source of classification or shelving scheme | Dewey Decimal Classification |
| Koha item type | Book |
| Edition | 1st |
| Call number prefix | 001.0726584 KUMS |
| Withdrawn status | Lost status | Source of classification or shelving scheme | Damaged status | Not for loan | Collection code | Home library | Current library | Date acquired | Cost, normal purchase price | Inventory number | Total Checkouts | Full call number | Barcode | Date last seen | Cost, replacement price | Price effective from | Koha item type |
|---|---|---|---|---|---|---|---|---|---|---|---|---|---|---|---|---|---|
| Dewey Decimal Classification | MBA | St Aloysius Institute of Management & Information Technology | St Aloysius Institute of Management & Information Technology | 02/04/2013 | 895.00 | Bill no:304; Bill dt:2013-01-29 | 001.0726584 KUMS | MBA10435 | 07/21/2025 | 671.25 | 07/16/2021 | Book |